| 000 | 00472nam a2200205Ia 4500 | ||
|---|---|---|---|
| 003 | OSt | ||
| 005 | 20230429102221.0 | ||
| 008 | 210423s2011 xx 000 0 und d | ||
| 020 | _a978-1-84738-721-9 | ||
| 040 | _cAL | ||
| 041 | _aeng | ||
| 082 |
_a813.6 _223 _bFITC |
||
| 100 |
_aFITZPATRICK (Becca) _994981 |
||
| 245 | _aCrescendo | ||
| 260 |
_aUK _bSimon & Schuster _c2011 |
||
| 300 |
_a427 _bPB |
||
| 365 |
_b299 _cINR |
||
| 906 | _aCrescendo | ||
| 942 |
_2ddc _cBK |
||
| 999 |
_c170425 _d170425 |
||